| 000 | 00545nam a22001817a 4500 | ||
|---|---|---|---|
| 005 | 20161206111429.0 | ||
| 010 | _aENG-116266 | ||
| 020 |
_a9788180642302 _c360.00 |
||
| 035 | _aEN-99798 | ||
| 037 | _bDBAD/PUB | ||
| 082 | _a516 | ||
| 100 | _aDebnath,Shyamal | ||
| 245 |
_aDegree mathematics Vol-3 : _bby Shyamal Debnath, Gour Pal [and] Runa Dhar |
||
| 260 |
_aKolkata _bProgressive Publishers _c2015 |
||
| 270 |
_a37A, College street _bkolkata _e700073 |
||
| 300 |
_a488p. : _c21cm(pbk) _bill |
||
| 942 |
_2ddc _cEN _h516 _mSHY |
||
| 999 |
_c104115 _d104115 |
||